000 00632nam a2200193 4500
001 117920
003 ES-MaACL
005 20230906191009.0
007 t|
008 070214s1926 sp r ||||1| spa d
100 1 _aPaquet, Alfons.
_988896
245 1 0 _aRoma o Moscú
_b: siete ensayos /
_cAlfons Paquet ; traducción del alemán por Joaquín de Zuazagoitia.
260 _aMadrid :
_bRevista de Occidente,
_c1926.
300 _a175 p. ;
_c18 cm.
650 4 _aHistoria-
_xFilosofía.
_913380
650 4 _aHistoria universal-
_vMisceláneas.
_9171948
700 1 _aZuazagoitia, Joaquín de.
_9118382
852 _aES-MaACL
_jF-420
999 _c117920
_d117920